Tour de France 2016 stage winners - Statistics

General Stats
  • This quiz has been taken 63 times
  • The average score is 12 of 21
Answer Stats
Finishing Town Answer % Correct
1 Utah Beach Mark Cavendish
100%
2 Cherbourg en Cotentin Peter Sagan
85%
4 Limoges Marcel Kittel
79%
3 Angers Mark Cavendish
79%
8 Bagneres du Luchon Christopher Froome
72%
21 Paris Andre Greipel
69%
19 Saint-Gervais Mont Blanc Romain Bardet
69%
12 Mont Ventoux Thomas De Gendt
64%
11 Montpellier Peter Sagan
59%
9 Andorra Arcalis Tom Dumoulin
59%
6 Montauban Mark Cavendish
56%
13 La Caverne du Pont-d'Arc Tom Dumoulin
56%
5 Le Lioran Greg Van Avermaet
54%
18 Megeve Christopher Froome
49%
16 Berne Peter Sagan
49%
14 Villars les Dombes Mark Cavendish
46%
7 Lac de Payolle Steve Cummings
46%
15 Culoz Jarlinson Pantano
44%
17 Finhaut Emosson Ilnur Zakarin
36%
10 Revel Michael Matthews
28%
20 Morzine Jon Izaguirre
26%
No matching quizzes found
Score Distribution
Percent of People with Each Score
Percentile by Number Answered
Your Score History
You have not taken this quiz